Église et société en Occident : VIIe-XIe siècle (notice n° 2198617)

détails MARC
000 -LEADER
fixed length control field 01653cam a2200133 4500500
005 - DATE AND TIME OF LATEST TRANSACTION
control field 20260405085552.0
041 ## - LANGUAGE CODE
Language code of text/sound track or separate title fre
042 ## - AUTHENTICATION CODE
Authentication code dc
100 10 - MAIN ENTRY--PERSONAL NAME
Personal name Feller, Laurent
Relator term author
245 00 - TITLE STATEMENT
Title Église et société en Occident : VIIe-XIe siècle
260 ## - PUBLICATION, DISTRIBUTION, ETC.
Name of publisher, distributor, etc. Armand Colin,<br/>
Date of publication, distribution, etc. 2009.<br/>
520 ## - SUMMARY, ETC.
Summary, etc. Entre le début du VIIe siècle et les années 1050 se joue la christianisation de l’Europe occidentale et se jettent les fondations de sa culture, en même temps que se construisent les sociétés qui l’occupent. L’Église organise à partir du VIIe siècle la conquête des esprits. Appuyée par les différentes royautés, son action missionnaire est efficace : saint Colomban ou saint Boniface illustrent ainsi cette période. À partir du VIIIe siècle, l’heure est à la réforme de l’Église institution afin d’assurer celle de la société tout entière : c’est le but que se fixe Charlemagne et que ses descendants ont tenté de remplir. Le mouvement de rénovation donne lieu à une profonde renaissance culturelle qui permet la réapparition de la réflexion savante en Occident. Malgré l’échec politique des Carolingiens, les programmes élaborés au Xe siècle ne sont pas pour autant abandonnés. Ils trouvent d’autres relais pour leur diffusion, leur approfondissement et leur mise en œuvre. Le mouvement monastique assure à l’Église les moyens de son action, tandis que la papauté, avec l’appui des empereurs germaniques, ouvre la voie au grand ébranlement de la réforme grégorienne.
856 41 - ELECTRONIC LOCATION AND ACCESS
Uniform Resource Identifier <a href="https://shs.cairn.info/eglise-et-societe-en-occident--9782200355876?lang=fr&redirect-ssocas=7080">https://shs.cairn.info/eglise-et-societe-en-occident--9782200355876?lang=fr&redirect-ssocas=7080</a>

Pas d'exemplaire disponible.

PLUDOC

PLUDOC est la plateforme unique et centralisée de gestion des bibliothèques physiques et numériques de Guinée administré par le CEDUST. Elle est la plus grande base de données de ressources documentaires pour les Étudiants, Enseignants chercheurs et Chercheurs de Guinée.

Adresse

627 919 101/664 919 101

25 boulevard du commerce
Kaloum, Conakry, Guinée

Réseaux sociaux

Powered by Netsen Group @ 2025